Score 0/57 Timer 10:00
0 Plays Today
Character Description Character Name % Correct
Is transgender. Got shot at promAdam Torres
98.9%
Was a tough girl. Became lesbian with Paige. Became a stripperAlex Nunez
95.5%
Started LARPing. On and off with Sav. Befriends Riley. Develops cocaine addictionAnya MacPherson
91.6%
Was popular until she took ecstasy. On and off with Jimmy. Reunites with Craig and moves to EuropeAshley Kerwin
91.3%
Is Muslim. Lost her virginity when 14. Runs away from home. Alli Bhandari
90.9%
Dates K.C., Eli, and Jake. Is Darcy's younger sister.Clare Edwards
90.7%
A ****, and boyfriend stealer. On and off with DrewBianca DeSousa
90.2%
Straight-laced Christian. Is Clare's older sister. Gets raped in season 7. Tries to commit suicide.Darcy Edwards
87.8%
Contracted gonorrhea. Had anorexia and bulimia. Has a pregnancy scare. Smokes weed. Marries SpinnerEmma Nelson
87.5%
Abused by dad. Is the lead singer of the band Downtown Sasquatch. Is bipolarCraig Manning
87.2%
Member of Power Squad. Dates K.C. and gets preganant. She starts taking diet pills, and suffered from anal leakageJenna Middleton
87.2%
Hooks up with many guys. Gets pregnant in season 3. BFFs with EmmaManny Santos
87.2%
Is rich. Gets shot by Rick. Got paralyzed in the legs. On and off with Ashley.Jimmy Brooks
87.1%
Is diagnosed with Aspergers Syndrome. He starts to steal underwear from Miss Oh, Fiona, and other girls at Degrassi, which leads to him being suspended.Connor Deslauriers
86.7%
Dates Toby, Declan, and Blue. Best friends with Fiona. Has a kidney disease and needs a transplant. Is adopted.Holly J. Sinclair
86.7%
Really smart. Dates JT. Gets pregnant with JT's baby. Attends Smithdale UniversityLiberty Van Zandt
86.6%
Taints Fitz's drink. Dates Clare and Imogen. Is bipolarEli Goldsworthy
86.5%
On and off with Liberty. Gets Liberty pregnant. Gets stabbed in his aorta by a Lakehurst student.JT Yorke
86.4%
On and off with Bianca. Develops posttraumatic stress disorder. Is Adam's stepbrotherDrew Torres
86.3%
Has ADHD. Gets expelled because he bullied Rick. Had testicular cancer. Dates Jane. Gets married to EmmaSpinner Mason
86.2%
Lives in a group home. Dates Clare, Jenna, and Marisol. Gets Jenna pregnantKC Guthrie
86%
Dates Adam, Riley, Bobby, and Charlie. Is lesbian and is in love with Holly J.Fiona Coyne
85.3%
Gets raped in Season 2. Becomes lesbian with Alex. Smoked weedPaige Michalchuk
85%
Alli's older brother. On and off with Anya. Kisses Miss OhSav Bhandari
85%
Had a child when she was 13. Becomes a model. Performs sexual acts to increase career. Dates Peter, Danny, and LucasMia Jones
84.7%
Was Goth, Mom suffers from alcoholism. Kisses CraigEllie Nash
84.4%
Is gay. Almost has sex with Ellie Nash. Rooms with Ellie, Paige, and GriffinMarco Del Rossi
84.4%
Member of football team. Dated Spinner. Best friends with Holly J.Jane Vaughn
83%
Kills Rick. Gets arrested. Dates Emma and EllieSean Cameron
83%
Character Description Character Name % Correct
Is gay. On the football team. Dates Zane. Hazes DrewRiley Stavros
82.1%
Chantay's cousin. Pours urine on Bruce's locker. Is dating AlliDave Turner
81.8%
Dates Leia and Chantay. Is Liberty's younger brother.Danny Van Zandt
81.4%
Hates Alex Nunez. Dates Jimmy. Insecure about Muslim HeritageHazel Aden
81.4%
Stalks Eli. Is confused about her sexuality after kissing Fiona on the ferris wheel.Imogen Moreno
81.4%
Dates Emma, Darcy, and Mia. Was in The Studz. Worked at The DotPeter Stone
81.4%
Is bulimic. Dating Drew. Tears her ACL. Overdoses on codeine and oxyKatie Matlin
80.7%
He is involved with several illegal and inappropriate activities, such as stealing from Degrassi in season 3. Allows Emma to perform oral sex on him.Jay Hogart
80.1%
Sister of Katie. Is a musical prodigyMaya Matlin
79.9%
Was present during JT's death. Took Alli's virginity. Has a genital wartJohnny DiMarco
79.7%
Dates Clare and the two were about to have sex. Their parents were getting married.Jake Martin
79.3%
He is a relaxed, artsy guy. Holly J. tries to have sex with him.Blue Cheesex
79.2%
Makes Peter get addicted to crystal meth. His sister kisses him. Tries to have sex with Holly J.Declan Coyne
79.2%
Is overweight. Dates Rick. Falls into coma when Rick abused her.Terri McGreggor
77.3%
Best friends with Katie. Dates Mo and KC.Marisol Lewis
76.3%
Is a bad boy. Is dating ToriZig Novak
75.7%
Is openly gay. Dates Riley. Goes to an LGBT mixerZane Park
75.3%
Dates Marisol. Likes MusicMo Mashkour
74%
She is the writer of The Anti-Grape Vine Blog, and is known as the gossip queen of Degrassi. Captain of Power SquadChantay Black
72.1%
Catches Dave pour urine on his locker. Throws a urine balloon at Dave.Bruce the Moose
71.4%
Is homophobic. Is dating Anya. Hazes DrewOwen Milligan
71%
Interested in the Power Squad. Spoiled. Is dating ZigTori Santamaria
71%
Owen's younger brother. Is gay. Best friends with Tori. Likes AdamTristan Milligan
70.3%
He hooks up with Manny Santos the night of J.T.'s death. Cheats on Emma with LibertyDamian Hayes
68.9%
Dates Emma Nelson. He takes the blame for Emma when she bakes weed brownies and is forced to leave the residence hall.Kelly Ashoona
68.9%
Suffered from bulimia. Seriously affected by JT's death.Toby Isaacs
63.8%
Unpopular. Makes a band with Connor and DaveWesley Betenkamp
61.5%
Bullys Jane Vaughn. Is adoptedDerek Haig
58.2%
Remove Ads.
Support Sporcle.
Get the best of Sporcle when you Go Orange. This ad-free experience offers more features, more stats, and more fun while also helping to support Sporcle. Thank you for becoming a member.

You're not logged in!

Compare scores with friends on all Sporcle quizzes.
OR
Log In

Show Comments

Extras

Top Quizzes Today


Score Distribution

Your Account Isn't Verified!

In order to create a playlist on Sporcle, you need to verify the email address you used during registration. Go to your Sporcle Settings to finish the process.

Report this User

Report this user for behavior that violates our Community Guidelines.

Details: